<?xml version="1.0" encoding="UTF-8"?>
<marc:record xmlns:marc="http://www.loc.gov/MARC21/slim">
   <marc:leader>00000nam a2200000 a 4500</marc:leader>
   <marc:datafield ind1=" " ind2=" " tag="653">
      <marc:subfield code="a">Konsolenspiel</marc:subfield>
   </marc:datafield>
   <marc:datafield ind1=" " ind2=" " tag="653">
      <marc:subfield code="a">Nintendo Switch</marc:subfield>
   </marc:datafield>
   <marc:datafield ind1=" " ind2=" " tag="653">
      <marc:subfield code="a">SW.SPK</marc:subfield>
   </marc:datafield>
   <marc:datafield ind1="0" ind2="0" tag="245">
      <marc:subfield code="a">My Universe</marc:subfield>
   </marc:datafield>
   <marc:datafield ind1="0" ind2="0" tag="245">
      <marc:subfield code="b">Fashion Boutique</marc:subfield>
   </marc:datafield>
   <marc:datafield ind1="1" ind2=" " tag="520">
      <marc:subfield code="a">In Fashion Boutique eröffnest du deinen eigenen, virtuellen Modeladen und führst ihn zum Erfolg. Dazu gehört natürlich das Begrüßen der Kunden, deren persönliche Beratung, das Entwerfen einer eigenen Mode-Kollektion und die attraktive Gestaltung des Geschäfts, um weitere interessierte Käufer anzulocken. In unterhaltsamen Mini-Spielen entwirfst du verschiedenste Kleidungsstücke aus unterschiedlichen Stoffen, Formen und Mustern, die tausende schicke Kombinationen ermöglichen. &#xD;
Für 1 SpielerIn.</marc:subfield>
   </marc:datafield>
</marc:record>
